MARC

LEADER 00000nam0a2200000 4500
001 67406
005 20231101212323.0
035 |a (RuTPU)RU\TPU\book\71771 
090 |a 67406 
100 |a 20040915d1974 m y0rusy50 ca 
101 0 |a rus 
102 |a RU 
105 |a y z 000zy 
200 1 |a Ленинские уроки  |e [сборник]  |f сост. Т. И. Чернышова 
210 |a Москва  |c Московский рабочий  |d 1974 
215 |a 71 с. 
606 1 |a Идеологическая работа ВЛКСМ  |2 stltpush  |3 (RuTPU)RU\TPU\subj\12183  |9 39015 
610 1 |a молодежь 
610 1 |a идейно-политическое воспитание 
610 1 |a методика 
610 1 |a организационная работа 
610 1 |a практика 
686 |a Ф75(2)15  |2 rubbk 
702 1 |a Чернышова  |b Т. И.  |4 220 
801 1 |a RU  |b 63413507  |c 20040915  |g PSBO 
801 2 |a RU  |b 63413507  |c 20180910  |g PSBO 
942 |c BK